Nové komunikační technologie krizového managementu
Komunikačné prostriedky a používané komunikačné technológie. Princíp komunikačnej technológie krízového manažmentu. Dostupné komunikačné technológie budúcnosti.
Enregistré dans:
| Auteur principal: | |
|---|---|
| Format: | Chapitre de livre |
| Langue: | tchèque |
| Sujets: | |
| Tags: |
Pas de tags, Soyez le premier à ajouter un tag!
|
MARC
| LEADER | 00000naa$a2200000$$$4500 | ||
|---|---|---|---|
| 001 | 0082017 | ||
| 005 | 20231113113605.0 | ||
| 041 | 0 | |a cze | |
| 044 | |a SK | ||
| 245 | 1 | 0 | |a Nové komunikační technologie krizového managementu |c Jiří Barta |
| 520 | |a Komunikačné prostriedky a používané komunikačné technológie. Princíp komunikačnej technológie krízového manažmentu. Dostupné komunikačné technológie budúcnosti. | ||
| 610 | 2 | 0 | |a manažment krízový |
| 610 | 2 | 0 | |a manažment komunikačný |
| 610 | 2 | 0 | |a technológie komunikačné |
| 610 | 2 | 0 | |a technológie informačné |
| 610 | 2 | 0 | |a vojenstvo |
| 100 | 1 | |a Barta, Jiří | |